000 00687nam a22002177a 4500
003 UA-OsUOA
001 69876
007 ta
008 20100708b un ||||| |||| 00| 0 ukr d
100 _aКравчук Л.
090 _a32
_bК78
942 _cSA
040 _aUA-OsUOA
_bukr
_cUA-OsUOA
_dUA-OsUOA
245 _a"Політичні роздуми" від перщого Президента. Леонід Кравчук: " Я вірив, що після мене демократія розширюватиметься, а вийшло навпаки"
300 _aС.4
955 _a0
041 _aukr
080 _a32
773 0 _w69875
650 7 _a32 Політика
_2UDC
999 _c356147
_d356147